Normal view
MARC view
- Programming with java
Entry Topical Term
001 - CONTROL NUMBER
- control field: 1044
003 - CONTROL NUMBER IDENTIFIER
- control field: JO-AjAnu
005 - DATE AND TIME OF LATEST TRANSACTION
- control field: 20230606070456.0
008 - FIXED-LENGTH DATA ELEMENTS
- fixed length control field: 230606|| aca||aabn | a|a d
040 ## - CATALOGING SOURCE
- Original cataloging agency: JO-AjAnu
- Transcribing agency: JO-AjAnu
150 ## - HEADING--TOPICAL TERM
- Topical term or geographic name entry element: Programming with java
670 ## - SOURCE DATA FOUND
- Source citation: Work cat.: (JO-AjAnu)548: Dean,Raymond,Dean,John, author 1043, Introduction to Programming with Java